Qui peut faire quoi ? Constitution de la Ve République. - Statistiques

Statistiques générales
  • Ce quiz a été pris 537 fois
    536 depuis la dernière actualisation
  • Le résultat moyen est 10 sur 15
Statistiques - réponses
Question Réponse % Correct
Qui nomme le Premier ministre ? Le Président de la République
99%
Qui peut désigner le Président de la République ? Les électeurs français
99%
Qui peut dissoudre l'Assemblée nationale ? Le Président de la République
91%
Qui peut juger les ministres pour les infractions commises dans le cadre de leurs fonctions ? Le Cour de justice de la République
81%
Qui remplace le Président de la République en cas de décès, démission ou destitution de celui-ci ? Le Président du Sénat
77%
Qui désigne le Président de l'Assemblée nationale ? L'Assemblée nationale
75%
Qui propose les proposition de loi ? Les parlementaires
75%
Qui propose les projets de lois ? Le Gouvernement
73%
Qui ne nomme aucun membre du Conseil constitutionnel Le Premier ministre
73%
Qui peut destituer le Président de la République ? La Haute Cour
65%
Qui siège au Congrès ? Les parlementaires
63%
Qui peut forcer le Gouvernement à démissionner ? L'Assemblée nationale
62%
Qui promulgue les lois ? Le Président de la République
53%
Qui peut apprécier la recevabilité d'une Question prioritaire de constitutionnalité (QPC) ? La Cour de cassation et le Conseil d'État
31%
Qui préside le Conseil d'État ? Le Premier ministre
11%
Aucun quiz correspondant
Distribution des résultats
% des personnes avec chaque résultat
Percentile par nombre de réponses
Votre historique - résultats
Vous n’avez pas pris ce quiz depuis la dernière actualisation